000 00556 a2200193 4500
999 _c10096
_d10096
020 _a9780072881110
050 _aKF1600.C6 REE 2005
100 _aREED, LEE O
_eauthor
245 _aThe legal and regulatory evironment of business :
_cO. Lee Reed
250 _a13th
264 _aNew York :
_bMcGraw- Hill
_c2005
300 _a634p. :
500 _aIncludes Index
650 _aBusiness Environment
700 _aPeter J. Shedd
_eauthor
700 _aJere W. Morehead
_eauthor
700 _aRobert N. Corley
942 _2lcc
_cBK
_e13th
_h1600.C6
_iREE
_kKF